Angekündigtes Verkehrschaos (Titelsatznr. 372990)
[ MARC ]
| 000 -Satzkennung | |
|---|---|
| Kontrollfeld mit fester Länge | 00618nab a2200193 4500 |
| 001 - Kontrollnummer | |
| Kontrollfeld | 244442 |
| 003 - Kontrollnummer Identifier | |
| Kontrollfeld | OSt |
| 005 - Datum und Zeit der letzten Transaktion | |
| Kontrollfeld | 20240228091121.0 |
| 007 - Feld mit fester Länge zur physischen Beschreibung - Allgemeine Information | |
| Kontrollfeld mit fester Länge | tu |
| 008 - Feld mit fester Länge zur physischen Beschreibung - Allgemeine Angaben | |
| Kontrollfeld mit fester Länge | 200917s2020||||||| |
| 040 ## - Katalogisierungsquelle | |
| Original-Katalogisierungsstelle | DE-2950 |
| Übertragungsstelle | DE-2950 |
| 245 00 - Titel | |
| Titel | Angekündigtes Verkehrschaos |
| Zusatz zum Titel | Protest. Polnische Bauern haben eine Blockade der Autobahn bei Swiecko angekündigt - für mehrere Wochen/ |
| Verfasserangabe etc. | Thomas Gutke, Nancy Waldmann |
| 264 ## - Produktion, Veröffentlichung, Distribution, Herstellung und Urheberrechtsvermerk | |
| Datum der Herstellung, der Veröffentlichung, des Vertriebs oder des Urheberschutzvermerks | 2024 |
| 653 ## - Indexierungsterm - Nicht normiert | |
| Nicht-normierter Term | Frankfurt (Oder) - Slubice |
| 653 ## - Indexierungsterm - Nicht normiert | |
| Nicht-normierter Term | Swiecko |
| 653 ## - Indexierungsterm - Nicht normiert | |
| Nicht-normierter Term | Bauerndemo |
| 773 0# - Übergeordnete Einheit | |
| Verknüpfungsangaben | 35. Jahrgang (2024) Nr. 46 vom 23.02.2024, S. 13 mit Foto |
| Titel | Märkische Oderzeitung |
| 942 ## - Zusätzliche Felder (Koha) | |
| Klassifikation oder Aufstellungssystematik | Andere/Generische Klassifikation |
| Koha-Medientyp | Aufsätze |
Keine Exemplare verfügbar.